000 00885cam a22002773a 4500
001 21358
003 PGUSA
005 20140828083444.0
008 070508s2007||||xxu|||||s|||||000 1 eng d
040 _aPGUSA
_beng
042 _adc
050 4 _aPZ
100 1 _aFenn, George Manville,
_d1831-1909
245 1 4 _aThe Ocean Cat's Paw :
_bThe Story of a Strange Cruise
_h[electronic resource] /
_cGeorge Manville Fenn
260 _bProject Gutenberg,
_c2007
506 _aPublic domain in the USA.
516 _aElectronic text
653 _aUncles -- Juvenile fiction
653 _aNatural history -- Juvenile fiction
653 _aSailing -- Juvenile fiction
653 _aVoyages and travels -- Juvenile fiction
700 1 _aStacey, W. S.
_q(Walter S.),
_d1846-1929
830 0 _aProject Gutenberg
_v21358
856 4 0 _uhttp://www.gutenberg.org/ebooks/21358
942 _cEB
999 _c250613
_d250613